000 00503nam a2200193Ia 4500
005 20250923150254.0
008 008 250917s9999 xx 000 0 eng d
037 _aTextual
040 _aDSWL
_beng
_cDSWL
041 _aeng
_2eng
084 _qDSWL
245 0 _aAnti-capitalism : A marxist intorduction
_cby A Ed. Saad-Filho
260 _aNew Delhi
_b Viva Books
_c2007
300 _a269 p.
365 _aINR
_b295 . 0
925 _g295 . 0
942 _cTEXL
999 _c1461525
_d1461525